000 02586cam a2200313 4500500
005 20260208005206.0
041 _afre
042 _adc
100 1 0 _aAdda-Decker, Martine
_eauthor
700 1 0 _aFougeron, Cécile
_eauthor
700 1 0 _aGendrot, Cédric
_eauthor
700 1 0 _aDelais-Roussarie, Elisabeth
_eauthor
700 1 0 _aLamel, Lori
_eauthor
245 0 0 _aLa liaison dans la parole spontanée familière : une étude sur grand corpus
260 _c2012.
500 _a22
520 _aRésuméCet article porte sur la liaison dans un parler spontané familier. Partant du constat que, dans la parole familière, les prononciations s’écartent souvent de leur forme canonique du fait d’un taux de réduction temporelle élevé, nous faisons l’hypothèse que le nombre de liaisons réalisées se trouve diminué dans ce type de parole. Notre étude repose sur une exploration du corpus NCCFr (Nijmegen Corpus of Casual French) à partir de techniques automatiques comme l’alignement automatique. Les taux de réalisation sont mesurés pour les consonnes de liaison les plus fréquentes (/z/, /n/ et /t/) dans des sites de liaison potentielle classés selon que la liaison y est obligatoire, facultative ou interdite. Nous proposons également une étude sur les relations entre le débit de parole et la réalisation des liaisons.
520 _aIn this paper, the realisation of the French Liaison is investigated in a large corpus of casual speech. Considering that casual speech gives rise to a large range of pronunciation variants and that overall temporal reduction increases, one may hypothesize that French liaison tends to be less productive in this speaking style. We made use of automatic processing such as automatic speech alignments to evaluate when liaison is realized in the NCCFr corpus. Realized liaisons were examined and measured for the most frequent liaison consonants (/z/, /n/ and /t/) as a function of a liaison sites classified as mandatory, optional or forbidden. The relation between speech rate and liaison realization is also examined.
690 _aalignement automatique
690 _adébit
690 _aliaison
690 _aparler spontané familier
690 _aautomatic speech alignment
690 _acasual speech
690 _afrench liaison
690 _aspeech rate
786 0 _nRevue française de linguistique appliquée | XVII | 1 | 2012-06-01 | p. 113-128 | 1386-1204
856 4 1 _uhttps://shs.cairn.info/revue-francaise-de-linguistique-appliquee-2012-1-page-113?lang=fr&redirect-ssocas=7080
999 _c1650945
_d1650945